|
|
|
|
| LEADER |
00000ntm a22000007u 4500 |
| 001 |
zp41536 |
| 041 |
|
|
|a slo
|
| 100 |
1 |
|
|a Môťovská, Mária
|4 dis
|
| 245 |
1 |
0 |
|a 1. Teoretická část: Vliv product placementu v prostředí Youtube 2. Praktická část: Audiovizuální dílo nebo tematický soubor audiovizuálních děl, délka minimálně 10 min., produkce
|
| 246 |
|
|
|a 1. Theoretical part: The Influence of Product Placement in Youtube Area 2. Practical part: Audiovisual Work or Thematic Set of Audiovisual Work, Lenght at Least 10. min., Production
|
| 260 |
|
|
|c 2016
|
| 300 |
|
|
|a 38 s.
|
| 500 |
|
|
|a Studijní obor: Produkce
|
| 500 |
|
|
|a Studijní obor: Film Production
|
| 500 |
|
|
|a Ústav: Ateliér Audiovize
|
| 500 |
|
|
|a Univerzita Tomáše Bati ve Zlíně. Fakulta multimediálních komunikací
|
| 500 |
|
|
|a Tomas Bata University in Zlín. Faculty of Multimedia Communications
|
| 506 |
|
|
|a Bez omezení
|
| 653 |
|
|
|a Product placement
|
| 653 |
|
|
|a audiovizuálny štýl
|
| 653 |
|
|
|a sponzor
|
| 653 |
|
|
|a youtuber
|
| 653 |
|
|
|a Trueview reklama
|
| 653 |
|
|
|a marketingová stratégia
|
| 653 |
|
|
|a Product placement
|
| 653 |
|
|
|a audio-visual style
|
| 653 |
|
|
|a sponsor
|
| 653 |
|
|
|a youtuber
|
| 653 |
|
|
|a Trueview advertising
|
| 653 |
|
|
|a marketing strategy
|
| 655 |
|
4 |
|a bakalářská práce
|
| 700 |
1 |
|
|a Buzková, Kateřina
|4 ths
|
| 710 |
2 |
|
|a Univerzita Tomáše Bati ve Zlíně. Fakulta multimediálních komunikací
|4 dgg
|
| 710 |
2 |
|
|a Tomas Bata University in Zlín. Faculty of Multimedia Communications
|4 dgg
|
| 856 |
4 |
0 |
|u http://hdl.handle.net/10563/37090
|y Plný text v Digitální knihovně UTB
|